Historia del mundo contemporáneo: curso de orientación universitaria

I tiakina i:
Ngā taipitopito rārangi puna kōrero
Kaituhi matua: Fernández, Antonio (Author)
Hōputu: Pukapuka
Reo:Pāniora
I whakaputaina: Barcelona Vicens-Vives 1994
Ngā marau:
Ngā Tūtohu: Tāpirihia he Tūtohu
Kāore He Tūtohu, Me noho koe te mea tuatahi ki te tūtohu i tēnei pūkete!

MARC

LEADER 00000nam a2200000 a 4500
001 UCY3006
003 CL-VaPUC
005 20231026110622.0
008 941205e19940000SP |||||||||||||||||spa|d
999 |c 231260  |d 231258 
020 |a 8431632933 
040 |c Pontificia Universidad Católica de Valparaíso 
082 0 4 |a 909.8 FER 1994  |2 21 
100 0 |a Fernández, Antonio  |e author  |9 331198 
245 1 0 |a Historia del mundo contemporáneo: curso de orientación universitaria 
260 |a Barcelona  |b Vicens-Vives  |c 1994 
300 |a 588 p 
583 |a last modification  |c 20160830 03:50:46  |k Rodrigo Vera 
650 0 |a Historia moderna, siglos 18-20  |2 CL-VaPUC  |9 331199 
942 |c BK  |2 ddc 
945 |d 19941205 00:00:00  |a mfernand 
952 |0 0  |1 0  |4 0  |6 909_800000000000000_FER_1994  |7 0  |8 A  |9 234288  |a BIBHIS  |b BIBHIS  |d 2019-11-15  |i 3036669  |o 909.8 FER 1994  |p 3036669  |r 2025-01-20  |w 2019-11-15  |y BK  |k HIS 
952 |0 0  |1 0  |4 0  |6 909_800000000000000_FER_1994  |7 0  |8 A  |9 234289  |a BIBHIS  |b BIBHIS  |d 2019-11-15  |i 3184218  |l 1  |m 16  |o 909.8 FER 1994  |p 3184218  |q 2025-07-25  |r 2021-06-08  |s 2021-06-08  |w 2019-11-15  |y BK  |k HIS 
952 |0 0  |1 0  |4 0  |6 909_800000000000000_FER_1994  |7 0  |8 A  |9 234290  |a BIBHIS  |b BIBHIS  |d 2019-11-15  |i 3353478  |o 909.8 FER 1994  |p 3353478  |r 2025-01-20  |w 2019-11-15  |y BK  |k HIS 
952 |0 0  |1 0  |4 0  |6 909_800000000000000_FER_1994  |7 0  |8 A  |9 234291  |a BIBHIS  |b BIBHIS  |d 2019-11-15  |i 3543021  |l 1  |m 1  |o 909.8 FER 1994  |p 3543021  |r 2025-01-20  |s 2022-05-06  |w 2019-11-15  |y BK  |k HIS 
952 |0 0  |1 0  |4 0  |6 909_800000000000000_FER_1994  |7 0  |8 A  |9 234292  |a BIBHIS  |b BIBHIS  |d 2019-11-15  |i 3681548  |o 909.8 FER 1994  |p 3681548  |r 2025-01-20  |w 2019-11-15  |y BK  |k HIS 
952 |0 0  |1 0  |2 ddc  |4 0  |6 909_800000000000000_FER_1994  |7 0  |8 A  |9 234293  |a BIBEDU  |b BIBEDU  |d 2019-11-15  |i 3981940  |o 909.8 FER 1994  |p 3981940  |r 2023-01-12  |w 2019-11-15  |y BK  |k MUS